Normal view
MARC view
- Sally, H.L
Entry Personal Name
001 - CONTROL NUMBER
- control field: 7744
003 - CONTROL NUMBER IDENTIFIER
- control field: OSt
005 - DATE AND TIME OF LATEST TRANSACTION
- control field: 20250823140941.0
008 - FIXED-LENGTH DATA ELEMENTS
- fixed length control field: 250823|| aca||aabn | a|a d
040 ## - CATALOGING SOURCE
- Original cataloging agency: OSt
- Transcribing agency: OSt
100 ## - HEADING--PERSONAL NAME
- Personal name: Sally, H.L
670 ## - SOURCE DATA FOUND
- Source citation: Work cat.: (OSt)1566: Sowers, George.F . 7743, Earth and rock fill dam engineering / , 1962.
